00501nam a22001577a 450000500170000001000130001702000110003003500130004103700140005408200100006824500590007824600540013726000340019127000980022530000200032320200124115846.0 aB-209194 c250.00 aB-209194 bBPPD/Pub. a840.8 aتحقیق و تدوین /cمرتب - ابن کنول aTehqeeq-o-Tadveen (Urdu) /bedited by Ibne Kanwal aDelhibKitabi Duniyac2006 ء a1955, Gali Nawab Mirza, Moh. Qabristan, Opp. Anglo Arabic School, Turkman GatebDelhie110006 a311p.c22cm(Hb)